La cyropédie : livre premier /

Αποθηκεύτηκε σε:
Λεπτομέρειες βιβλιογραφικής εγγραφής
Κύριος συγγραφέας: Jenofonte (autor)
Μορφή: Βιβλίο
Γλώσσα:Greek
Έκδοση: París, Francia : Ancienne Librairie Poussielgue, 1914
Έκδοση:3a edición
Θέματα:
Ετικέτες: Προσθήκη ετικέτας
Δεν υπάρχουν, Καταχωρήστε ετικέτα πρώτοι!

MARC

LEADER 00000nam^a2200000^a^4500
001 000583226
005 20250526000000.0
009 20260310132646.935
037 |a Acervo Xavier Clavigero 
041 |a GRI 
091 |a FPA. 05244 
100 |a Jenofonte  |e (autor) 
240 1 4 |a [La ciropedia o historia de Ciro el Mayor] 
245 1 3 |a La cyropédie :  |b livre premier /  |c Jenofonte ; comentarios de Bruno Losschaert. 
250 |a 3a edición 
264 1 |a París, Francia :  |b Ancienne Librairie Poussielgue,  |c 1914 
300 |a 96 p. ;  |c 16.5 cm. 
336 |a texto  |b txt  |2 rdacontenido 
337 |a sin mediación  |b n  |2 rdamedio 
338 |a volumen  |b nc  |2 rdasoporte 
545 0 |a Jenofonte (Atenas c. 430 - c. 355 a.C.), escritor e historiador griego, discípulo de Sócrates. Participó en distintas campañas militares antes de dedicarse a la agricultura, la caza y la actividad literaria. Autor de una obra extensa, que incluye Anábasis (7 libros), sobre su participación en una expedición con Ciro el Joven; Las helénicas, historia de Grecia en siete volúmenes; La ciropedia (8 libros), en torno a la educación y reinado de Ciro el Grande; El agesilao; La constitución espartana; El económico; El cinegético; El hipárquico, entre otros títulos. Se le atribuye también la Constitución de los atenienses. 
546 |a Contiene algunos textos en francés 
561 |a Ex libris de Bibl. Phil. IHS Prov. Mex. S.I. 
561 |a Ex libris de Bibliotheca Coll. Max. Ysletensis S.J. 
649 |a XX 
650 |a Emperadores Iraníes -  |x Biografías 
650 |a Políticos Iraníes -  |x Biografías 
650 |a Literatura Clásica -  |y Siglo IV a.C. 
650 |a Literatura Griega -  |y Siglo IV a.C. 
650 |a Literatura e Historia -  |z Grecia 
650 |a Irán -  |x Historia -  |y Ciro II, El Grande, 550-530 a.C. -  |x Tema Principal 
650 |a Irán -  |x Historia -  |y Imperio Persa Aqueménida, 550-330 a.C. 
650 |a Ciro II, El Grande,  |c Emperador de Persia -  |x Tema Principal 
910 |a Fondo José Ignacio Palencia Gómez S.J. 
920 |a Impresos - Libros 
930 |a Libros Antiguos y Raros 
940 |a Literatura 
905 |a 108 
901 |a 0500362981  |b IT2  |c LRA  |i D  |u 20250526 
901 |a 0500356412  |b IT2  |c LRA  |i D  |u 20250526 
902 |a https://opac.biblio.iteso.mx/vufind/Record/000583226